| 000 | 00393cam a2200145ua 4500 | ||
|---|---|---|---|
| 082 |
_a531 _bHAR/ME |
||
| 100 |
_aHariharakrishnan, A. _91696 |
||
| 245 | _aMechanics for Polytechnics and other Professional Courses / | ||
| 250 | _a1 / | ||
| 260 |
_aAlagappanagar : _bH Ananthakrishnan , _c1967. |
||
| 300 | _a194 ; . | ||
| 650 |
_aMechanics _91797 |
||
| 700 | 1 |
_aPareed, P. V. _91697 |
|
| 942 | _cBK | ||
| 999 |
_c230 _d230 |
||